Đổi mới quản lí kinh tế và môi trường sinh thái

Сохранить в:
Библиографические подробности
Главный автор: Viện nghiên cứu quản lí kinh tế Trung ương
Формат:
Язык:Undetermined
Опубликовано: Hà Nội Chính trị quốc gia 1997
Предметы:
Метки: Добавить метку
Нет меток, Требуется 1-ая метка записи!
Thư viện lưu trữ: Trung tâm Học liệu Trường Đại học Cần Thơ
LEADER 00637nam a2200169Ia 4500
001 CTU_21403
008 210402s9999 xx 000 0 und d
082 |a 363.7 
082 |b V305 
100 |a Viện nghiên cứu quản lí kinh tế Trung ương 
245 0 |a Đổi mới quản lí kinh tế và môi trường sinh thái 
245 0 |c Viện nghiên cứu quản lí kinh tế Trung ương 
260 |a Hà Nội 
260 |b Chính trị quốc gia 
260 |c 1997 
650 |a environmental policy,environmental protection 
980 |a Trung tâm Học liệu Trường Đại học Cần Thơ